[Event "Open C Women"]
[Site "Moscow RUS"]
[Date "2010.01.31"]
[Round "2"]
[White "Melia,S"]
[Black "Kushka,A"]
[Result "1-0"]
[WhiteElo "2431"]
[BlackElo "2179"]
[EventDate "2010.01.30"]

1. e4 c5 2. Nf3 Nc6 3. d4 cxd4 4. Nxd4 g6 5. Nc3 Bg7 6. Be3 Nf6 7. Bc4 Qa5
8. O-O O-O 9. Bb3 d6 10. Nd5 Re8 11. Nxf6+ Bxf6 12. c3 Nxd4 13. cxd4 e6 14.
Qf3 Bg7 15. Qg3 e5 16. dxe5 Qxe5 17. Qxe5 Bxe5 18. Rac1 Be6 19. Bxe6 Rxe6
20. Rc7 b6 21. b3 d5 22. exd5 Bxc7 23. dxe6 fxe6 24. Rc1 Bd6 25. Kf1 Kf7
26. Ke2 Rd8 27. a4 e5 28. Kf3 Ke6 29. Ke4 Rd7 30. Rc8 Rb7 31. g4 Kd7 32.
Rh8 Kc6 33. h4 a6 34. h5 gxh5 35. gxh5 Rf7 36. Rc8+ Kb7 37. Rd8 Bc7 38. Rg8
Kc6 39. h6 b5 40. axb5+ axb5 41. Rg7 Rd7 42. Kf5 Bb8 43. Ke6 Rc7 44. f3 b4
45. Rxc7+ Bxc7 46. Bg5 1-0

[Event "Open C Women"]
[Site "Moscow RUS"]
[Date "2010.02.01"]
[Round "3"]
[White "Ju Wenjun"]
[Black "Paikidze,N"]
[Result "1/2-1/2"]
[WhiteElo "2512"]
[BlackElo "2278"]
[EventDate "2010.01.30"]

1. Nf3 Nf6 2. g3 d5 3. Bg2 e6 4. O-O Be7 5. d4 O-O 6. c4 dxc4 7. Ne5 Nc6 8.
Nxc6 bxc6 9. Na3 Bxa3 10. bxa3 Rb8 11. Qa4 Qxd4 12. Be3 Qb2 13. Qxc4 Nd5
14. Bxa7 Ra8 15. Bd4 Qb5 16. Qxb5 cxb5 17. Rfc1 Ra4 18. Bc5 Re8 19. e4 Nb6
20. Rab1 Ba6 21. Rd1 h6 22. Rb3 Rc4 23. Bxb6 cxb6 24. Rb4 Rc3 25. Rb3 Rc2
1/2-1/2

[Event "Open C Women"]
[Site "Moscow RUS"]
[Date "2010.02.01"]
[Round "3"]
[White "Romanko,M"]
[Black "Repina,V"]
[Result "1-0"]
[WhiteElo "2433"]
[BlackElo "2224"]
[EventDate "2010.01.30"]

1. e4 c5 2. Nf3 Nc6 3. d4 cxd4 4. Nxd4 Nf6 5. Nc3 d6 6. Be2 g6 7. Bg5 Bg7
8. Nb3 O-O 9. O-O Bd7 10. Kh1 Ne5 11. f4 Neg4 12. Qd2 b5 13. Bf3 b4 14. Nd1
d5 15. e5 Ne4 16. Qxd5 Nxg5 17. Qxa8 Qxa8 18. Bxa8 Rxa8 19. fxg5 Nxe5 20.
a3 bxa3 21. Rxa3 Nc4 22. Ra2 Be6 23. Re1 Nd2 24. Ra1 Nxb3 25. cxb3 Kf8 26.
b4 Bd4 27. Nc3 Rb8 28. b5 Bd7 29. Red1 e5 30. Ne2 Bg4 31. Nxd4 Bxd1 32. Nc6
Rxb5 33. Rxd1 Rxb2 34. Nxa7 e4 35. Kg1 Ke7 36. Re1 Kd7 37. Rxe4 Rb7 38. Rf4
1-0

[Event "Open C Women"]
[Site "Moscow RUS"]
[Date "2010.02.01"]
[Round "3"]
[White "Shaidullina,S"]
[Black "Melia,S"]
[Result "1/2-1/2"]
[WhiteElo "2256"]
[BlackElo "2431"]
[EventDate "2010.01.30"]

1. c4 e5 2. Nc3 Nc6 3. g3 g6 4. Bg2 Bg7 5. e3 d6 6. Nge2 h5 7. h3 h4 8. g4
f5 9. gxf5 Bxf5 10. d4 exd4 11. Nxd4 Nxd4 12. exd4 c6 13. O-O Nf6 14. Re1+
Kf8 15. Bf4 Qd7 16. c5 d5 17. Bd6+ Kf7 18. Re7+ Qxe7 19. Bxe7 Kxe7 20. Qb3
1/2-1/2

[Event "Open C Women"]
[Site "Moscow RUS"]
[Date "2010.02.01"]
[Round "3"]
[White "Munguntuul,B"]
[Black "Bogumil,T"]
[Result "1-0"]
[WhiteElo "2427"]
[BlackElo "2215"]
[EventDate "2010.01.30"]

1. c4 e5 2. Nc3 Nc6 3. g3 g6 4. Bg2 Bg7 5. e3 Nge7 6. Nge2 O-O 7. O-O d6 8.
a3 Bg4 9. b4 Qd7 10. b5 Nd8 11. Rb1 Bh3 12. d4 Bxg2 13. Kxg2 exd4 14. Nxd4
Ne6 15. Bb2 Nc5 16. Qf3 b6 17. Rfd1 a6 18. a4 axb5 19. axb5 Ra5 20. Ra1
Rxa1 21. Bxa1 h5 22. h3 Qc8 23. Bb2 Nd7 24. Nd5 Nxd5 25. cxd5 Qa8 26. Ra1
Qb7 27. Nc6 Ra8 28. Ne7+ Kf8 29. Nxg6+ Kg8 30. Ne7+ Kf8 31. Bxg7+ Kxg7 32.
Rxa8 Qxa8 33. Qxh5 Ne5 34. Nf5+ Kf6 35. e4 Ng6 36. h4 Qa2 37. Qg5+ Ke5 38.
h5 1-0

[Event "Open C Women"]
[Site "Moscow RUS"]
[Date "2010.02.01"]
[Round "3"]
[White "Bodnaruk,A"]
[Black "Dauletova,G"]
[Result "1-0"]
[WhiteElo "2372"]
[BlackElo "2212"]
[EventDate "2010.01.30"]

1. e4 c5 2. Nf3 Nc6 3. d4 cxd4 4. Nxd4 g6 5. Nc3 Bg7 6. Be3 Nf6 7. Bc4 O-O
8. Bb3 d6 9. f3 Bd7 10. h4 Qa5 11. Qd2 Rfc8 12. Nxc6 bxc6 13. Bg5 Be6 14.
O-O Re8 15. Be3 Rab8 16. Qe2 Nh5 17. Rfd1 Rec8 18. g4 Nf6 19. Bd2 Qb6+ 20.
Kg2 a5 21. Be3 Qb7 22. Na4 Nd7 23. Rac1 Qb5 24. c4 Qa6 25. f4 Nf6 26. f5
Bd7 27. e5 Nd5 28. Bd2 Bxe5 29. Nc5 Qa7 30. Nxd7 Qxd7 31. cxd5 cxd5 32.
Bxa5 d4 33. Qe4 Kg7 34. Qd5 e6 35. fxe6 fxe6 36. Qxe6 Qb7+ 37. Qd5 1-0

[Event "Open C Women"]
[Site "Moscow RUS"]
[Date "2010.02.02"]
[Round "4"]
[White "Bodnaruk,A"]
[Black "Paehtz,E"]
[Result "1/2-1/2"]
[WhiteElo "2372"]
[BlackElo "2484"]
[EventDate "2010.01.30"]

1. e4 e6 2. d4 d5 3. e5 c5 4. c3 Qb6 5. Nf3 Nc6 6. a3 c4 7. g3 Bd7 8. h4
O-O-O 9. Bh3 Be7 10. O-O Na5 11. Nbd2 f5 12. exf6 gxf6 13. Re1 Re8 14. Rb1
Bd6 15. b3 Qc7 16. bxc4 Nxc4 17. Nxc4 Qxc4 18. Re2 h5 19. Qe1 Qd3 20. Bxe6
Rxe6 21. Rxe6 Qxb1 22. Rxd6 Qf5 23. Bf4 Rh7 24. Qc1 Bb5 25. Nd2 Rc7 26. Qb1
Qxb1+ 27. Nxb1 Bd3 28. Rxd5 Rc6 29. Nd2 Rxc3 30. Rxh5 Kd7 31. a4 Ne7 32.
Rc5 Rxc5 33. dxc5 Bc2 34. a5 Nc6 35. Nc4 Bb3 36. Nd6 Nxa5 37. h5 Bc2 38. f3
Bh7 39. h6 Nb3 40. Nxb7 a5 41. Nd6 Nxc5 42. Nc4 a4 43. Kf2 Nd3+ 44. Ke3
Nxf4 45. gxf4 Ke6 46. Kd4 Kf5 47. Ke3 Kg6 48. Kd2 Bg8 49. Ne3 a3 50. Kc1
Kxh6 51. Kb1 Kg6 52. Ng4 f5 53. Ne3 Kf6 54. Ka1 Be6 55. Nc2 a2 56. Nd4 Bd5
57. Kb2 Bf7 1/2-1/2

[Event "Open C Women"]
[Site "Moscow RUS"]
[Date "2010.02.02"]
[Round "4"]
[White "Pustovoitova,D"]
[Black "Romanko,M"]
[Result "1/2-1/2"]
[WhiteElo "2319"]
[BlackElo "2433"]
[EventDate "2010.01.30"]

1. e4 d6 2. Nf3 g6 3. c3 Bg7 4. h3 Nd7 5. Bd3 a6 6. O-O b5 7. Bc2 Nb6 8. d4
Bb7 9. Qe2 e6 10. Nbd2 Ne7 11. Nb3 Rb8 12. Re1 O-O 13. Na5 Ba8 14. a4 Nxa4
15. Bxa4 bxa4 16. Qxa6 Qd7 17. Qd3 f5 18. Nd2 fxe4 19. Nxe4 Rf5 20. Nc4 Qb5
21. Ng3 Rf7 22. Qe2 Nd5 23. f3 Kh8 24. Qf1 Nf4 25. Bxf4 Rxf4 26. Ne3 Qg5
27. Qf2 Rbf8 28. Nef1 e5 29. Rxa4 exd4 30. cxd4 c5 31. Rxa8 Rxa8 32. Ne4
Qd5 33. dxc5 dxc5 34. Ne3 Qd4 35. Rd1 Qxb2 36. Nxc5 Ra1 37. Qxb2 Bxb2 38.
Nd3 Rxd1+ 39. Nxd1 Bd4+ 40. Kh2 Rf7 41. N1f2 Bxf2 42. Nxf2 Kg7 43. Ne4 Ra7
44. h4 h6 45. Kg3 Kf7 46. Nf2 Ke6 47. Ng4 h5 48. Nf2 Kf5 49. Ne4 Rd7 50.
Ng5 Ke5 51. Nh3 Kd4 52. Kf4 Rd5 53. g4 hxg4 1/2-1/2

[Event "Open C Women"]
[Site "Moscow RUS"]
[Date "2010.02.02"]
[Round "4"]
[White "Ghader Pour,S"]
[Black "Munguntuul,B"]
[Result "0-1"]
[WhiteElo "2187"]
[BlackElo "2427"]
[EventDate "2010.01.30"]

1. e4 c5 2. Nf3 e6 3. Nc3 d6 4. d4 cxd4 5. Nxd4 Nf6 6. Be2 Be7 7. O-O O-O
8. f4 Nc6 9. Kh1 a6 10. Be3 Bd7 11. Qe1 b5 12. a3 Nxd4 13. Bxd4 Bc6 14. Qg3
g6 15. Bd3 a5 16. Rae1 b4 17. Nd1 Nd7 18. Nf2 Bh4 19. Qh3 e5 20. fxe5 Nxe5
21. Bxe5 dxe5 22. axb4 axb4 23. Rd1 Qe7 24. Ng4 Bg5 25. Bc4 Ra7 26. Bd5 Bb5
27. Rfe1 Kg7 28. Qf3 Ra6 29. c4 bxc3 30. Qxc3 Re8 31. Ra1 h5 32. Nf2 Qa7
33. Rxa6 Qxf2 34. Raa1 Bd2 35. Qg3 Bxe1 36. Rxe1 Qxb2 37. Qf3 Re7 38. h3
Rc7 39. Kh2 f6 40. Qe3 Rc2 41. Qa7+ Kh6 42. Qe3+ g5 43. Qf3 Rf2 44. Rb1
Rxg2+ 45. Qxg2 Qxb1 46. Qf2 Qf1 47. Qc5 g4 48. hxg4 Qf4+ 49. Kh1 Qf3+ 50.
Kh2 Qf4+ 51. Kh1 Bf1 52. Qf8+ Kg5 53. Qg7+ Kh4 54. gxh5 Qf3+ 55. Kg1 Bh3
56. h6 Qf1+ 57. Kh2 Qf2+ 58. Kh1 Bg4 0-1

[Event "Open C Women"]
[Site "Moscow RUS"]
[Date "2010.02.02"]
[Round "4"]
[White "Melia,S"]
[Black "Petrukhina,I"]
[Result "1-0"]
[WhiteElo "2431"]
[BlackElo "2084"]
[EventDate "2010.01.30"]

1. e4 c5 2. Nf3 Nc6 3. Bb5 g6 4. Bxc6 dxc6 5. d3 Bg7 6. O-O Nf6 7. Nc3 Bg4
8. h3 Bxf3 9. Qxf3 Nd7 10. Qg3 Nf8 11. f4 Qc7 12. Qf2 Ne6 13. Be3 O-O-O 14.
Kh1 Bd4 15. Rab1 Qa5 16. f5 Bxe3 17. Qxe3 Nd4 18. Rf2 f6 19. fxg6 hxg6 20.
Qg3 Qc7 21. Qxc7+ Kxc7 22. b4 Rh5 23. Nd1 Ne6 24. Ne3 cxb4 25. Rxb4 Ra5 26.
Rb2 Rd4 27. h4 Nc5 28. g4 Na4 29. Rb1 Nc3 30. Rg1 Rd8 31. Rh2 Rh8 32. Nc4
Rb5 33. a3 Kd7 34. Re1 Ke6 35. Kg2 Kf7 36. Kg3 Rb1 37. Rxb1 Nxb1 38. Rh1
Nc3 39. Re1 Nb5 40. a4 Nd4 41. c3 Ne6 42. d4 b5 43. Ne3 a6 44. a5 c5 45. d5
Nd8 46. Rf1 Kg7 47. Ng2 Nb7 48. Nf4 Kf7 49. e5 Nxa5 50. e6+ Kg7 51. Ra1 Nc4
52. Rxa6 Nd6 53. Ra7 Re8 54. Nd3 c4 55. Nb4 Kf8 56. Kf3 Rb8 57. Rxe7 Kxe7
58. Nc6+ Ke8 59. Nxb8 f5 60. Nc6 fxg4+ 61. Kxg4 Ne4 62. Kf3 Nc5 63. Ke3 Nb7
64. Kd4 1-0

[Event "Open C Women"]
[Site "Moscow RUS"]
[Date "2010.02.02"]
[Round "4"]
[White "Ambartsumova,K"]
[Black "Ju Wenjun"]
[Result "0-1"]
[WhiteElo "2297"]
[BlackElo "2512"]
[EventDate "2010.01.30"]

1. e4 c5 2. Nf3 d6 3. d4 cxd4 4. Nxd4 Nf6 5. Nc3 a6 6. Be3 e5 7. Nf3 Qc7 8.
a4 Be7 9. a5 O-O 10. Be2 Be6 11. O-O h6 12. Nd5 Bxd5 13. exd5 Nh7 14. Nd2
Nd7 15. f3 f5 16. c4 Bg5 17. Bf2 Nhf6 18. Nb3 h5 19. Kh1 Kh8 20. Ra3 Rae8
21. Bg1 Bh6 22. f4 g6 23. fxe5 dxe5 24. c5 f4 25. d6 Qc6 26. Qc2 e4 27. Bd4
Kh7 28. Nd2 Ng4 29. b4 Rf5 30. Qb2 f3 31. gxf3 Bxd2 32. Qxd2 Ref8 33. Kg1
exf3 34. Bxf3 Rxf3 35. Raxf3 Rxf3 36. Re1 Rf7 37. Re7 Rxe7 38. dxe7 Qe4 39.
h3 Ngf6 40. Qe3 Qxe3+ 41. Bxe3 0-1

[Event "Open C Women"]
[Site "Moscow RUS"]
[Date "2010.02.02"]
[Round "4"]
[White "Galojan,L"]
[Black "Strutinskaya,G"]
[Result "1-0"]
[WhiteElo "2374"]
[BlackElo "2281"]
[EventDate "2010.01.30"]

1. d4 Nf6 2. c4 c5 3. d5 b5 4. cxb5 a6 5. bxa6 Bxa6 6. Nc3 d6 7. g3 g6 8.
Bg2 Bg7 9. Nf3 Nbd7 10. Rb1 Ng4 11. Qc2 Qa5 12. Bd2 O-O 13. b3 Ra7 14. a4
Rb7 15. O-O Rfb8 16. h3 Nge5 17. Nh2 Nf6 18. Na2 Qb6 19. Be3 Qa5 20. f4
Ned7 21. Rfd1 Rc7 22. Bf2 Bb7 23. e4 Qa8 24. Nc3 Ne8 25. Nf1 Rcc8 26. Ne3
Ba6 27. Kh2 Rb4 28. Na2 Rbb8 29. Nc4 Bxc4 30. Qxc4 Nb6 31. Qc2 Qa5 32. Bf1
Nc7 33. Be1 Qa7 34. Nc3 Na6 35. Nb5 Qb7 36. Rdc1 Ra8 37. Bc4 Nxc4 38. Qxc4
Qd7 39. Rc2 Kf8 40. Rd1 Kg8 41. Re2 Nc7 42. Nxc7 Rxc7 43. e5 Rb7 44. e6 Qe8
45. exf7+ Qxf7 46. Re6 Rab8 47. Rd3 Bf6 48. a5 Qg7 49. Rf3 Ba1 50. Re2 Bd4
51. Rd3 Bf6 52. Ra2 Ra7 53. a6 Qf8 54. b4 cxb4 55. Rb3 Bc3 56. Bxc3 bxc3
57. Qxc3 Rba8 58. Rb6 Qf5 59. Qd4 Kf7 60. g4 Qc8 61. Rc6 Qb8 62. Rb2 Qd8
63. Rbb6 Qd7 64. Kg3 Rg8 65. Qb2 Rga8 66. Qe2 Rg8 67. Qe4 Rga8 68. Kh4 Kg7
69. Qb4 Qd8 70. Kg3 Kf7 71. Qb5 Qe8 72. Qb1 Qd8 73. f5 gxf5 74. Qxf5+ Kg7
75. h4 Qf8 76. Qxf8+ Kxf8 77. Kf4 Kg7 78. Ke4 Kg6 79. Kd4 Kf6 80. Kc4 Ke5
81. g5 Re8 82. Rb7 Rea8 83. Kb5 Kxd5 84. Rxa7 Rxa7 85. Rc8 e5 86. Kb6 Rf7
87. a7 Rxa7 88. Kxa7 e4 89. Re8 Kd4 90. h5 1-0

[Event "Open C Women"]
[Site "Moscow RUS"]
[Date "2010.02.03"]
[Round "5"]
[White "Munguntuul,B"]
[Black "Galojan,L"]
[Result "0-1"]
[WhiteElo "2427"]
[BlackElo "2374"]
[EventDate "2010.01.30"]

1. e4 e5 2. Nf3 Nc6 3. Bb5 a6 4. Ba4 Nf6 5. O-O Be7 6. Re1 b5 7. Bb3 O-O 8.
c3 d6 9. h3 Nb8 10. d4 Nbd7 11. Nbd2 Bb7 12. Bc2 Re8 13. Nf1 Bf8 14. Ng3 g6
15. a4 c5 16. d5 c4 17. Bg5 h6 18. Be3 Nc5 19. Qc1 h5 20. Ng5 Rb8 21. Kh1
Bc8 22. Nf1 Bd7 23. Nd2 Qc8 24. a5 Nh7 25. Nxh7 Kxh7 26. Qd1 Bg7 27. Kh2
Qd8 28. Qe2 Rb7 29. Rh1 Rh8 30. Rhf1 Qh4 31. f4 Bg4 32. Qf2 Qxf2 33. Rxf2
Bc8 34. Nf3 Nd7 35. Ng5+ Kg8 36. f5 gxf5 37. Rxf5 Nf8 38. Rf2 f6 39. Nf3 h4
40. b3 cxb3 41. Bxb3 Bh6 42. Re1 Nd7 43. Nd2 Bxe3 44. Rxe3 Kf7 45. Ref3 Rh6
46. Bc2 Rc7 47. Nf1 Nf8 48. Ne3 Rg6 49. Bd1 Nh7 50. Nc2 Ng5 51. Re3 Rc4 52.
Bh5 Nxe4 53. Rff3 Nd2 54. Rf2 Ne4 55. Rff3 Nd2 56. Rf2 Ne4 57. Rff3 0-1

[Event "Open C Women"]
[Site "Moscow RUS"]
[Date "2010.02.03"]
[Round "5"]
[White "Paehtz,E"]
[Black "Pustovoitova,D"]
[Result "1-0"]
[WhiteElo "2484"]
[BlackElo "2319"]
[EventDate "2010.01.30"]

1. e4 e5 2. Nf3 Nf6 3. d4 Nxe4 4. Bd3 d5 5. Nxe5 Nd7 6. Nc3 Nxc3 7. bxc3
Bd6 8. O-O O-O 9. Re1 c6 10. Qh5 g6 11. Qh6 Qf6 12. Ng4 Qg7 13. Qh4 f6 14.
Bh6 Qf7 15. Bxf8 Bxf8 16. Nh6+ Bxh6 17. Qxh6 Nf8 18. Re3 Be6 19. Rae1 b5
20. Qf4 Rd8 21. h4 Kg7 22. a4 a6 23. axb5 cxb5 24. Ra1 Qb7 25. Rf3 f5 26.
h5 Bc8 27. Qe5+ Kg8 28. hxg6 hxg6 29. Re3 Kf7 30. Rxa6 1-0

[Event "Open C Women"]
[Site "Moscow RUS"]
[Date "2010.02.03"]
[Round "5"]
[White "Paikidze,N"]
[Black "Melia,S"]
[Result "0-1"]
[WhiteElo "2278"]
[BlackElo "2431"]
[EventDate "2010.01.30"]

1. e4 c6 2. d4 d5 3. Nc3 dxe4 4. Nxe4 Bf5 5. Ng3 Bg6 6. h4 h6 7. Nf3 Nd7 8.
h5 Bh7 9. Bd3 Bxd3 10. Qxd3 e6 11. Bd2 Ngf6 12. O-O-O Be7 13. Qe2 O-O 14.
Nf1 Kh8 15. g4 Nxg4 16. Rg1 Ngf6 17. Ne5 Nb6 18. Nh2 Qd5 19. c4 Qe4 20. Be3
Qf5 21. Rg3 Nbd7 22. f4 Rad8 23. Rdg1 Nxh5 24. Rf3 c5 25. Qg2 cxd4 26. Bxd4
Nxe5 27. Bxe5 f6 28. Bc3 Bc5 29. Rgf1 Nxf4 0-1

[Event "Open C Women"]
[Site "Moscow RUS"]
[Date "2010.02.03"]
[Round "5"]
[White "Nakhbayeva,G"]
[Black "Bodnaruk,A"]
[Result "1/2-1/2"]
[WhiteElo "2219"]
[BlackElo "2372"]
[EventDate "2010.01.30"]

1. d4 Nf6 2. c4 g6 3. Nc3 Bg7 4. e4 d6 5. h3 O-O 6. Bg5 h6 7. Be3 e5 8. d5
a5 9. Bd3 Na6 10. Qd2 Kh7 11. g4 Nd7 12. O-O-O Ndc5 13. Bb1 Bd7 14. Nge2
Qe8 15. f4 exf4 16. Bd4 Be5 17. Nxf4 b5 18. cxb5 Bxb5 19. Rh2 Rb8 20. Rf2
Bc4 21. Bxe5 dxe5 22. Nh5 Qe7 23. Nf6+ Kg7 24. g5 h5 25. Rg1 Nb4 26. Rg3 a4
27. Kd1 Rb6 28. Ke1 c6 29. d6 Qd8 30. Qd1 Rh8 31. h4 Rb7 32. Rd2 Be6 33.
Nxa4 Nxa4 34. Qxa4 Qb6 35. a3 Na6 36. Qd1 c5 37. Qf3 c4 38. d7 Qd8 39. Ne8+
Kf8 40. Nf6 Nc5 41. Qc3 Nxd7 42. Nxd7+ Rxd7 43. Rxd7 Qxd7 44. Qxe5 Kg8 45.
Rg2 Kh7 46. Rd2 Qb7 47. Kf2 Qb6+ 48. Kg2 Qe3 49. Qc3 Qf4 50. Rf2 Qxh4 51.
Qg3 Qg4 52. Qxg4 hxg4 53. Kg3 Kg7 54. Rh2 Rd8 55. Bc2 f6 56. gxf6+ Kxf6 57.
e5+ Kxe5 58. Bxg6 Rd1 59. Re2+ Kd6 60. Bh5 Rd3+ 61. Kg2 Bd5+ 62. Kg1 g3 63.
Rc2 g2 64. Bg4 Rg3 65. Bc8 Rd3 66. Rc1 Rd2 67. Ba6 Rd4 68. Bxc4 Bxc4 69.
Kxg2 Rd2+ 70. Kf3 Bd5+ 71. Ke3 Rxb2 72. Rc3 Rh2 73. Kd4 Rh4+ 74. Kd3 Bc6
75. Kc2 Ba4+ 76. Kd2 Rh2+ 77. Ke3 Kd5 78. Rd3+ Kc4 79. Rd4+ Kb3 80. Rd3+
Kc2 81. Rd8 Rh3+ 82. Ke4 Rxa3 83. Rc8+ Kd2 84. Rd8+ Ke2 85. Rh8 Bc6+ 86.
Kd4 Ra4+ 87. Kc5 Bf3 88. Re8+ Kd3 89. Rd8+ Kc3 90. Rf8 Be4 91. Rf1 Ra5+ 92.
Kd6 Kd4 93. Rd1+ Bd3 94. Rc1 Rd5+ 95. Ke6 Rg5 96. Rc7 Rg6+ 97. Kf7 Rh6 98.
Rd7+ Ke4 99. Kg7 Rc6 100. Ra7 Bc4 101. Ra5 Bd5 102. Ra1 Ke5 103. Re1+ Be4
104. Rf1 Rg6+ 105. Kf7 1/2-1/2

[Event "Open C Women"]
[Site "Moscow RUS"]
[Date "2010.02.04"]
[Round "6"]
[White "Galojan,L"]
[Black "Paehtz,E"]
[Result "1/2-1/2"]
[WhiteElo "2374"]
[BlackElo "2484"]
[EventDate "2010.01.30"]

1. Nf3 e6 2. c4 Nf6 3. Nc3 d5 4. e3 c6 5. b3 a6 6. Qc2 c5 7. cxd5 exd5 8.
Na4 Nbd7 9. d4 cxd4 10. Nxd4 Bb4+ 11. Bd2 Bxd2+ 12. Qxd2 Ne4 13. Qb4 Qf6
14. f3 Nd6 15. Qd2 O-O 16. Qb4 1/2-1/2

[Event "Open C Women"]
[Site "Moscow RUS"]
[Date "2010.02.04"]
[Round "6"]
[White "Melia,S"]
[Black "Grabuzova,T"]
[Result "1/2-1/2"]
[WhiteElo "2431"]
[BlackElo "2345"]
[EventDate "2010.01.30"]

1. e4 c6 2. d4 d5 3. exd5 cxd5 4. c4 Nf6 5. Nc3 Nc6 6. Bg5 dxc4 7. d5 Ne5
8. Qd4 h6 9. Bxf6 exf6 10. Bxc4 Nxc4 11. Qxc4 Bd6 12. Nge2 O-O 13. O-O Bd7
14. Qb3 Qb6 15. Qxb6 1/2-1/2

[Event "Open C Women"]
[Site "Moscow RUS"]
[Date "2010.02.04"]
[Round "6"]
[White "Zhao Xue"]
[Black "Tomilova,E"]
[Result "1-0"]
[WhiteElo "2504"]
[BlackElo "2290"]
[EventDate "2010.01.30"]

1. d4 Nf6 2. c4 c5 3. d5 e6 4. Nc3 exd5 5. cxd5 d6 6. Nf3 g6 7. Nd2 Bg7 8.
g3 O-O 9. Bg2 Re8 10. Nc4 a6 11. a4 Ng4 12. Ne4 Bf8 13. Bf4 Ne5 14. Bg5 Be7
15. Bxe7 Qxe7 16. Ncxd6 Rd8 17. Nxc8 Rxc8 18. d6 Qd8 19. O-O Nbd7 20. Qd5
Qb6 21. Nf6+ Nxf6 22. Qxe5 Kg7 23. d7 Rd8 24. Rfd1 Qe6 25. Qxe6 fxe6 26.
Bxb7 Ra7 27. Bc6 Rc7 28. Rd6 Kf7 29. e4 Ke7 30. e5 Ng4 31. f4 Ne3 32. Bf3
a5 33. Rc1 Rdxd7 34. Ra6 Rd2 35. b3 Nf5 36. Rxa5 Nd4 37. Bd1 c4 38. bxc4
Rb7 39. Rb5 Nxb5 40. cxb5 Rbd7 41. Bf3 R7d3 42. Bc6 Rb2 43. Ra1 Rdd2 44. a5
Ra2 45. Rb1 Rxa5 46. b6 Rd8 47. b7 Rb8 48. Rd1 Rd5 49. Bxd5 exd5 50. Rb1
Kd7 51. Kf2 1-0

[Event "Open C Women"]
[Site "Moscow RUS"]
[Date "2010.02.04"]
[Round "6"]
[White "Burtasova,A"]
[Black "Romanko,M"]
[Result "0-1"]
[WhiteElo "2332"]
[BlackElo "2433"]
[EventDate "2010.01.30"]

1. e4 c5 2. c3 e6 3. d4 d5 4. e5 Qb6 5. Nf3 Nc6 6. a3 c4 7. Nbd2 Na5 8. g3
Bd7 9. h4 Ne7 10. Bh3 h6 11. O-O O-O-O 12. Rb1 Kb8 13. Re1 Nc8 14. Bf1 Be7
15. h5 g6 16. Nh2 Rdg8 17. Bg2 gxh5 18. Qxh5 Ba4 19. b4 cxb3 20. Ng4 Rg5
21. Qh3 Qc7 22. Nf6 Rg6 23. Nf3 Nb6 24. Ng5 Nac4 25. Qh5 Rxg5 26. Bxg5 Nxa3
27. Bf4 Nxb1 28. Rxb1 Ba3 29. Bxd5 Nxd5 30. Nxd5 exd5 31. e6 Bd6 32. Bxd6
Qxd6 33. exf7 Qe6 34. Qe5+ Qxe5 35. dxe5 Bd7 36. Rxb3 Rf8 37. Rb4 Rxf7 38.
Rh4 Rh7 39. f4 h5 40. Kf2 Bg4 41. Ke3 Kc7 42. Kd4 Kc6 43. Rh2 a5 44. Rf2
Rf7 45. Rh2 b5 46. e6 Re7 47. f5 Bxf5 48. Rxh5 Bxe6 0-1

[Event "Open C Women"]
[Site "Moscow RUS"]
[Date "2010.02.04"]
[Round "6"]
[White "Kashlinskaya,A"]
[Black "Munguntuul,B"]
[Result "1/2-1/2"]
[WhiteElo "2315"]
[BlackElo "2427"]
[EventDate "2010.01.30"]

1. d4 d5 2. c4 c6 3. Nc3 Nf6 4. Nf3 e6 5. Bg5 h6 6. Bh4 dxc4 7. e4 g5 8.
Bg3 b5 9. Be2 Bb4 10. Qc2 g4 11. Ne5 Qxd4 12. O-O Bxc3 13. bxc3 Qxe4 14.
Qd2 Nbd7 15. f3 Qd5 16. Qf4 O-O 17. Nxd7 Nxd7 18. Qxh6 Qf5 19. fxg4 Qg6 20.
Qh4 f6 21. Rad1 Rf7 22. g5 fxg5 23. Qd4 Nf6 24. Be5 Nd5 25. Rxf7 Qxf7 26.
Rf1 Qg6 27. h4 Bd7 28. Qf2 Nf4 29. Bxf4 gxf4 30. Qxf4 e5 31. Qxe5 Re8 32.
Qf4 Qg7 33. Rf3 Rf8 34. Qd6 Rxf3 35. Bxf3 Qxc3 36. Qxd7 Qe1+ 37. Kh2 Qxh4+
38. Qh3 Qxh3+ 39. Kxh3 c5 40. Kg3 Kg7 41. Kf4 b4 42. Bd1 Kf6 43. Bc2 a5 44.
Ke4 Ke6 45. Ba4 Kf6 46. Kd5 b3 47. axb3 c3 48. b4 cxb4 49. Ke4 Kg5 50. Kf3
Kf5 51. g4+ Ke5 52. Ke3 Kd5 53. Bb3+ Ke5 54. Bc2 Kd5 55. g5 Ke5 56. Kf3 b3
57. Bxb3 1/2-1/2

[Event "Open C Women"]
[Site "Moscow RUS"]
[Date "2010.02.05"]
[Round "7"]
[White "Grabuzova,T"]
[Black "Zhao Xue"]
[Result "0-1"]
[WhiteElo "2345"]
[BlackElo "2504"]
[EventDate "2010.01.30"]

1. b3 d5 2. Bb2 Bg4 3. Nf3 Bxf3 4. exf3 e6 5. f4 Nf6 6. Qe2 Bd6 7. Qb5+ Nc6
8. Qxb7 Nb4 9. Bb5+ Ke7 10. Bd3 a6 0-1

[Event "Open C Women"]
[Site "Moscow RUS"]
[Date "2010.02.05"]
[Round "7"]
[White "Paehtz,E"]
[Black "Pourkashiyan,A"]
[Result "1-0"]
[WhiteElo "2484"]
[BlackElo "2306"]
[EventDate "2010.01.30"]

1. e4 e5 2. Bc4 Nf6 3. d3 Nc6 4. Nf3 Bc5 5. c3 d6 6. Bb3 Bb6 7. h3 Ne7 8.
Nbd2 c6 9. O-O Ng6 10. d4 O-O 11. Re1 Re8 12. dxe5 dxe5 13. Ng5 Re7 14. Nc4
Rd7 15. Qc2 Bc7 16. Ne3 h6 17. Nf3 b6 18. Bc4 a5 19. Nf5 Ba6 20. Bxa6 Rxa6
21. Qe2 b5 22. a4 Qb8 23. Nh2 Ra8 24. Ng4 Nxg4 25. Qxg4 Qe8 26. h4 f6 27.
h5 Nf4 28. Bxf4 exf4 29. Nxh6+ Kh7 30. Nf5 Rad8 31. axb5 cxb5 32. Rad1 Qf7
33. Rd4 Bb6 34. Rd5 b4 35. cxb4 axb4 36. Red1 Rxd5 37. Rxd5 Kh8 38. b3 Bc7
39. Qg6 Rd7 40. f3 Be5 41. Kh2 Bc3 42. Rc5 Qf8 43. Rb5 Rc7 44. Rb6 Rd7 45.
Re6 Rf7 46. Ra6 Rd7 47. Rc6 Be5 48. Re6 Rf7 49. Kh3 Bc3 50. Kg4 Be5 51. Rb6
Rc7 52. Ra6 Rd7 53. Rc6 Ra7 54. Rc1 Rd7 55. Kh3 Ra7 56. Nh4 Rc7 57. Rd1
Qc8+ 58. Kh2 Qf8 59. Qf5 Qe8 60. Rd5 Kg8 61. Ng6 Bc3 62. Kh3 Bb2 63. Nxf4
Be5 64. Ng6 Bb2 65. Rd6 Ra7 66. Qd5+ Qf7 67. Rd8+ 1-0

[Event "Open C Women"]
[Site "Moscow RUS"]
[Date "2010.02.05"]
[Round "7"]
[White "Manakova,M"]
[Black "Melia,S"]
[Result "1/2-1/2"]
[WhiteElo "2346"]
[BlackElo "2431"]
[EventDate "2010.01.30"]

1. d4 Nf6 2. c4 e6 3. Nc3 Bb4 4. Qc2 O-O 5. a3 Bxc3+ 6. Qxc3 b6 7. Nf3 Bb7
8. e3 d5 9. cxd5 Nxd5 10. Qc2 Nd7 11. Bd3 h6 12. e4 Ne7 13. b4 c5 14. dxc5
bxc5 15. O-O Rc8 16. Qe2 Nc6 17. Bb2 cxb4 18. Rfd1 a5 19. e5 Ne7 20. axb4
axb4 21. Bb1 Bd5 22. Qd3 Ng6 23. Qe3 Nh4 24. Nxh4 Qxh4 25. Rd4 Qg5 26. Qxg5
hxg5 27. Rxb4 Nxe5 28. h4 Rc4 29. Rb5 Nc6 30. Ba2 Rb4 1/2-1/2

[Event "Open C Women"]
[Site "Moscow RUS"]
[Date "2010.02.05"]
[Round "7"]
[White "Shumilina,A"]
[Black "Gunina,V"]
[Result "0-1"]
[WhiteElo "2300"]
[BlackElo "2448"]
[EventDate "2010.01.30"]

1. d4 d5 2. c4 e6 3. Nc3 c5 4. cxd5 exd5 5. Nf3 Nc6 6. g3 Nf6 7. Bg2 Be7 8.
O-O O-O 9. dxc5 Bxc5 10. a3 Re8 11. b4 Bb6 12. Bb2 Bg4 13. Nb5 Ne4 14. Nbd4
Qf6 15. Ra2 Qh6 16. Qd3 Qh5 17. Ba1 Rac8 18. Rc2 f6 19. Nxc6 bxc6 20. Nd4
Bxd4 21. Bxd4 Nd6 22. Bf3 Bxf3 23. exf3 Nc4 24. Kg2 a6 25. Re2 Rxe2 26.
Qxe2 Re8 27. Qc2 Qg6 28. Qa4 Nd2 29. Qxc6 Nxf1 30. Qxd5+ Qf7 31. Qxf7+ Kxf7
32. Kxf1 Rd8 33. Be3 Rd3 34. a4 Ra3 35. a5 Rb3 36. Bc5 Ke6 37. Ke2 Kd5 38.
h4 Kc4 39. h5 Rxb4 40. Bxb4 Kxb4 41. Kd3 Kxa5 42. Kc4 Kb6 43. g4 Kc6 44. f4
Kd6 45. f3 h6 46. Kd4 a5 0-1

[Event "Open C Women"]
[Site "Moscow RUS"]
[Date "2010.02.05"]
[Round "7"]
[White "Munguntuul,B"]
[Black "Bezgodova,M"]
[Result "1/2-1/2"]
[WhiteElo "2427"]
[BlackElo "2137"]
[EventDate "2010.01.30"]

1. c4 e5 2. Nc3 Nf6 3. g3 d5 4. cxd5 Nxd5 5. Bg2 Be6 6. Nf3 Nc6 7. d3 Be7
8. O-O O-O 9. Bd2 h6 10. a3 Qd7 11. b4 a6 12. Rc1 Rad8 13. Qc2 Rfe8 14. Qb2
Bf8 15. Rfe1 Nf6 16. b5 axb5 17. Nxb5 Bg4 18. Bc3 Nd5 19. Bd2 Nf6 20. Bc3
Nd5 21. Bd2 Nf6 22. Bc3 1/2-1/2